00547nam a2200193Ia 4500003000400000005001700004008004100021020002200062040000700084041000800091082002300099100002200122245009900144260004500243300001800288365001400306650001400320650001900334OSt20230518160614.0210423s2014 xx 000 0 und d a978-0-10-809753-2 cAL aeng a338.954 223bGOYO aGOYAL (Ashima) Ed aOxford handbook of the Indian economy in the 21st century: understanding the inherent dynamism aNew DelhibOxford University Pressc2014 aixxiv,965bHB b2495cINR aEconomics aIndian Economy